Les médailles des sportifs français - Statistiques

Statistiques générales
  • Ce quiz a été pris 141 fois
  • Le résultat moyen est 17 sur 34
Statistiques - réponses
Rang Championnat du monde Jeux Olympiques Total Discipline % Correct
7 102 71 173 Athlétisme
93%
30 6 2 8 Football
93%
7 128 45 173 Natation
93%
25 18 7 25 Handball
91%
5 182 57 239 Judo
88%
1 554 93 647 Cyclisme
83%
3 199 75 274 Ski
81%
2 287 123 410 Escrime
80%
28 10 5 15 Basket
78%
32 1 1 2 Volley-ball
69%
11 110 33 143 Biathlon
68%
16 45 25 70 Boxe
66%
29 6 4 10 Rugby
65%
9 168 1 169 Karaté
62%
1 35 38 73 Equitation
59%
13 84 22 106 Gymnastique
51%
12 101 36 137 Aviron
48%
25 23 2 25 Tennis de table
43%
10 132 24 156 Tir à l'arc
42%
20 19 44 63 Voile
39%
6 196 36 232 Canoë-Kayak
38%
18 53 14 67 Patinage artistique
38%
17 51 18 69 Lutte
36%
33 1 0 1 Badminton
35%
31 6 1 7 Triathlon
29%
21 37 15 52 Haltérophilie
23%
33 1 0 1 Surf
23%
23 39 0 39 Escalade
22%
22 37 8 45 Taekwondo
19%
19 52 13 65 Snowboard
18%
24 29 3 32 Pentathlon moderne
6%
14 83 0 83 Trampoline
5%
4 229 34 263 Tir sportif
4%
27 16 0 16 Squash
3%
Aucun quiz correspondant
Distribution des résultats
% des personnes avec chaque résultat
Percentile par nombre de réponses
Votre historique - résultats
Vous n’avez pas pris ce quiz